Využitie metódy konečných prvkov pri analýze a návrhu geotechnických konštrukcií /

Saved in:
Bibliographic Details
Main Author: Hruštinec, Ľuboš, 1964- (Author)
Other Authors: Barták, Jiří (Reviewer), Weiglová, Kamila (Reviewer), Sumec, Jozef, 1945- (Reviewer)
Format: Book
Language:Slovak
Published: Bratislava : Slovenská technická univerzita v Bratislave, 2014
Edition:1. vyd.
Series:Edícia vedeckých prác
Subjects:
Tags: Add Tag
No Tags, Be the first to tag this record!

MARC

LEADER 00000nam a22000003a 4500
001 0005882
003 SK-STU
005 20160629133723.4
007 ta
008 150701s ----xo-----e------000-0-----d
020 |a 978-80-227-4279-5 
040 |a STU  |b slo 
041 0 |a slo  |b slo  |b eng 
044 |a xo 
100 1 |a Hruštinec, Ľuboš,  |d 1964-  |u 010150  |r Z1  |4 aut  |9 100  |U SvF Stavebná fakulta  |T SvF Katedra geotechniky  |X 913  |U V150  |Y 15  |7 A000000913 
242 0 1 |a Utilization of the Finite Element Method in the Analysis and Design of Geotechnical Structures  |y eng 
245 1 0 |a Využitie metódy konečných prvkov pri analýze a návrhu geotechnických konštrukcií /  |c aut. Ľuboš Hruštinec ; rec. Jiří Barták, Kamila Weiglová, Jozef Sumec 
250 |a 1. vyd. 
260 |a Bratislava :  |b Slovenská technická univerzita v Bratislave,  |c 2014 
300 |a 220 s.  |e CD-ROM 
490 1 |a Edícia vedeckých prác 
650 4 |a geotechnické konštrukcie 
650 4 |a Metóda konečných prvkov (MKP) 
650 4 |a analýza a návrh konštrukcií 
700 1 |a Barták, Jiří  |r Z6  |4 rev 
700 1 |a Weiglová, Kamila  |r Z6  |4 rev 
700 1 |a Sumec, Jozef,  |d 1945-  |u 010250  |r Z1  |4 rev  |U SvF Stavebná fakulta  |T SvF Katedra stavebnej mechaniky  |X 693  |U V250  |Y 26  |7 A000000693 
996 |b 284V036513  |c V* 3203/HP-211  |l VVS  |s P  |a 0  |w 0005882_0001 
996 |b 284V036514  |c V* 3204/HP-211a  |l VVS  |s A  |a 24  |w 0005882_0002 
996 |b 284V036515  |c V* 3205/HP-211b  |l VVS  |s A  |a 24  |w 0005882_0003 
996 |b 284V036516  |c V* 3206/HP-211c  |l VVS  |s A  |a 24  |w 0005882_0004 
996 |b 284V036517  |c V* 3207/HP-211d  |l VVS  |s A  |a 24  |w 0005882_0005